|
|
|
|
| LEADER |
01684nam a2200469 i 4500 |
| 001 |
nkc20183020864 |
| 003 |
CZ PrNK |
| 005 |
20180912124400.0 |
| 007 |
ta |
| 008 |
180816s2018 xr g g 000 f cze |
| 015 |
|
|
|a cnb003020864
|
| 020 |
|
|
|a 978-80-7577-507-8
|q (vázáno)
|
| 035 |
|
|
|a (OCoLC)1056249540
|
| 040 |
|
|
|a OLA001
|b cze
|e rda
|
| 041 |
1 |
|
|a cze
|h eng
|
| 072 |
|
7 |
|a 821.111-3
|x Anglická próza, anglicky psaná
|2 Konspekt
|9 25
|
| 080 |
|
|
|a 821.111-31
|2 MRF
|
| 080 |
|
|
|a (0:82-312.4)
|2 MRF
|
| 100 |
1 |
|
|a Skariton, Jonathan
|7 ola20181004526
|4 aut
|
| 240 |
1 |
0 |
|a Séance infernale.
|l Česky
|
| 245 |
1 |
0 |
|a Séance infernale /
|c Jonathan Skariton ; z anglického originálu Séance infernale ... přeložil Petr Štádler
|
| 250 |
|
|
|a První vydání
|
| 264 |
|
1 |
|a Brno :
|b Host,
|c 2018
|
| 300 |
|
|
|a 343 stran :
|b noty ;
|c 21 cm
|
| 336 |
|
|
|a text
|b txt
|2 rdacontent
|
| 337 |
|
|
|a bez média
|b n
|2 rdamedia
|
| 338 |
|
|
|a svazek
|b nc
|2 rdacarrier
|
| 504 |
|
|
|a Obsahuje bibliografické odkazy
|
| 546 |
|
|
|a Český text
|
| 655 |
|
7 |
|a anglické romány
|7 fd131814
|2 czenas
|
| 655 |
|
7 |
|a detektivní romány
|7 fd132010
|2 czenas
|
| 655 |
|
7 |
|a thrillery (romány)
|7 fd184206
|2 czenas
|
| 655 |
|
9 |
|a English fiction
|2 eczenas
|
| 655 |
|
9 |
|a detective novels
|2 eczenas
|
| 655 |
|
9 |
|a thrillers (novels)
|2 eczenas
|
| 700 |
1 |
|
|a Štádler, Petr,
|d 1980-
|7 xx0072446
|4 trl
|
| 910 |
2 |
|
|a BOA001
|b 2-1411.528
|
| 990 |
|
|
|a BK
|
| 995 |
|
|
|a 01
|
| 991 |
|
|
|b 201808
|c NOV
|
| 996 |
6 |
|
|b 2610751363
|c 2-1411.528
|l MZK
|r Sklad / do 1 hodiny
|n 0
|p p.v.
|w 001678968
|u 000010
|a 1
|e BOA001
|j MZK50
|s P
|
| 996 |
7 |
|
|b 2610751364
|c 2-1411.528
|l MZK
|r Sklad / do 1 hodiny
|n 6
|p p.v.
|w 001678968
|u 000020
|a 1
|e BOA001
|j MZK50
|s A
|